000 00756nas a2200241 4500
001 BR8303514
003 BR-BrBNA
005 20231205085601.0
007 ta
008 230509b bl.|||p| |||| 00| 00por d
040 _aBR-BrBNA
_bpor
_cBiblioteca Nacional de Agricultura
041 _a(Pt)
072 _aP05; P12
100 1 _aAnon.
245 1 _aO gasogenio como fonte alternativa de energia [Motobombas, agua, irrigacao, lavoura, arroz, Rio Grande do Sul, Brasil]
650 _aRECURSO ENERGETICO
650 _aARROZ
650 _aGASOGENIO
650 _aRIO GRANDE DO SUL
773 0 _tLavoura Arrozeira (Brazil)
_xISSN 0023-9143
_g(Jan 1982), v. 35(333) p. 20
_wBR8303514
909 _a202311
_bLúcia
_c55
_dLúcia Elande
942 _2AGRIS
_n0
_cANA
999 _c112386
_d112386